| 000 | 00473nam a2200181Ia 4500 | ||
|---|---|---|---|
| 999 |
_c7882 _d7882 |
||
| 020 | _a9788125043058 | ||
| 082 | _aRR 920.72 KAN-G | ||
| 100 | _aKannabiran, Vasanth | ||
| 245 | 0 | _aGrief to bury: memories of love, work and loss | |
| 260 |
_aHyderabad _bOrient Blackswan _c2011 |
||
| 300 | _axxvii, 370 | ||
| 650 |
_aWomen _vBiography |
||
| 650 | _aMarriage | ||
| 650 | _aWidowhood | ||
| 650 |
_aWomen _vSocial Conditions |
||
| 650 |
_aWomen's rights _zIndia |
||
| 942 | _cBK | ||